000 00689nam a2200241Ia 4500
003 OSt
005 20220926020912.0
006 a|||||r|||| 00| 0
007 ta
008 220923b |||||||| |||| 00| 0 eng d
020 _a038790820X
037 _cGeneral Book
040 _aRTL
_cRTL
_beng
041 _2eng
_aeng
082 _aD6,9(B), M3
100 _aBratley Paul, etc
_9325362
245 0 _aGuide to simulation
260 _aNew York
_bSpringer Verlag USA
_c1983
300 _axviii, 383p. Bibliography P 363-74, Appendix P 289-362
_ccm.
650 _aComputer Science
942 _hD6,9(B), M3
_cGB
_2CC
999 _c635225
_d635225